|
|
|
|
| LEADER |
00000nam0a2200000 4500 |
| 001 |
151243 |
| 005 |
20231031150600.0 |
| 035 |
|
|
|a (RuTPU)RU\TPU\book\163980
|
| 090 |
|
|
|a 151243
|
| 100 |
|
|
|a 20090121d1964 k y0rusy50 ca
|
| 101 |
0 |
|
|a rus
|
| 102 |
|
|
|a RU
|
| 105 |
|
|
|a a z 001zy
|
| 200 |
1 |
|
|a Радиационная безопасность при космических полетах
|f В. Г. Бобков [и др.]
|
| 210 |
|
|
|a Москва
|c Атомиздат
|d 1964
|
| 215 |
|
|
|a 371 с.
|c ил.
|
| 320 |
|
|
|a Библиогр. в конце гл.
|
| 610 |
1 |
|
|a космические полеты
|
| 610 |
1 |
|
|a радиационная безопасность
|
| 610 |
1 |
|
|a космические лучи
|
| 610 |
1 |
|
|a биологическое действие
|
| 610 |
1 |
|
|a космические корабли
|
| 610 |
1 |
|
|a ионизирующие излучения
|
| 610 |
1 |
|
|a защита
|
| 610 |
1 |
|
|a космические излучения
|
| 610 |
1 |
|
|a ядерные реакторы
|
| 675 |
|
|
|a 629.19
|v 3
|
| 675 |
|
|
|a 539.16.08
|v 3
|
| 701 |
|
1 |
|a Бобков
|b В. Г.
|
| 701 |
|
1 |
|a Демин
|b В. П.
|
| 701 |
|
1 |
|a Кеирим-Маркус
|b И. Б.
|
| 701 |
|
1 |
|a Ковалев
|b Е. Е.
|
| 701 |
|
1 |
|a Ларичев
|b А. В.
|
| 801 |
|
1 |
|a RU
|b 63413507
|c 20090121
|g PSBO
|
| 801 |
|
2 |
|a RU
|b 63413507
|c 20090729
|g PSBO
|
| 942 |
|
|
|c BK
|